Basic Words - G - Statistics

General Stats
  • This quiz has been taken 39 times
  • The average score is 9 of 10
Answer Stats
Hint Answer % Correct
Round fruit made into wine Grape
100%
Very common string instrument Guitar
100%
Transparent, can be made into windows Glass
97%
Sticks things together Glue
97%
Massive scary ape Gorilla
97%
Green thing that covers lawns and nature Grass
97%
Invisible or deceased spirit Ghost
94%
Tallest land animal Giraffe
94%
Park of plants and flowers Garden
89%
Horned mammal that will eat anything Goat
67%
No matching quizzes found
Score Distribution
Percent of People with Each Score
Percentile by Number Answered
Your Score History
You have not taken this quiz